000 01605cam a22004694i 4500
003 PE-LiUPU
005 20250731173147.0
008 150623s r 000 0 d
020 _a0687090873
035 _a(Sirsi) i9780687090877
040 _aPE-LiUPU
_bspa
_cPE-LiUPU
_erda
049 _aPRUA
082 0 4 _a241.046 132
_bM12
_221
100 1 _aMcClendon, James William,
_eautor.
245 1 0 _aEthics :
_bsystematic theology.
_n1 /
_cJames William McClendon.
250 _a2a
264 1 _aNashville :
_bAbingdon Press,
_c2002.
300 _a394 páginas ;
_c23 centímetros
336 _atext
_2rdacontent
337 _aunmediated
_2rdamedia
338 _avolume
_2rdacarrier
504 _aIncluye bibliografía.
505 0 _aHow theoligy matters. What sort of ethics?. Emodied witness. A community of care. The sphere of the anastatic. Retrospect.
526 _aSEG42
526 _aSEG41
526 _aSEG40
526 _aSEG39
526 _aP94
526 _aP87
526 _aP86
526 _aP85
526 _aP77
526 _aP76
526 _aP35
650 0 4 _aEtica cristiana
_xAutores bautistas.
942 _2ddc
_cBOOK
949 _a241.046 132 M12 1
_wDEWEY
_c1
_i53317
_lCCODEBUL1
_mBUL
_p31.00
_r0
_sY
_tBOOK
_u2015-6-24
_xTEOLOGIA
_PP35
_0COMPRA
_o.STAFF. Colección General
994 _aC0
_bPEPRU
596 _a1
999 _a241.046 132 M12 1
_wDEWEY
_c35280
_i53317
_f2021-11-10
_g5
_lCCODEBUL1
_mBUL
_p31.00
_r0
_sY
_tBOOK
_u2015-6-24
_xTEOLOGIA
_PP35
_0COMPRA
_o.STAFF. Colección General
_d35280
980 _81
_gALBERTO SANCHEZ Responsable de Automatización